Instructor's manual for: Laboratory manual for chemistry
| Main Author: | |
|---|---|
| Format: | Section = Libro |
| Language: | Undetermined Spanish |
| Published: |
Unites States
Wadsworth Publishing Company
1986
|
| Subjects: |
| LEADER | 00547nam a2200193Ia 4500 | ||
|---|---|---|---|
| 008 | 240830s9999 xx 000 0 und d | ||
| 020 | |a 0-534-05680-6 | ||
| 040 | |a CEDOC FIQ-RUSB / 540 E64 | ||
| 041 | |a spa | ||
| 082 | |a 540 E64 | ||
| 100 | 1 | |a Epstein, Lawrence | |
| 245 | 1 | 0 | |a Instructor's manual for: Laboratory manual for chemistry |
| 260 | |a Unites States |b Wadsworth Publishing Company |c 1986 | ||
| 300 | |a 257 p.: il. | ||
| 650 | 7 | |a QUÍMICA GENERAL | |
| 650 | 7 | |b ÍNDICES DE DESCARGA RADIACTIVA | |
| 942 | |c BK |2 ddc | ||
| 991 | |a TEXTO | ||
| 999 | |c 13825 | ||